ARRUPE JESUIT UNIVERSITY

CORONAVIRUS -STOP THE SPREAD - CLEAN,DISINFECT,COVER

The art of survival in East Africa (Record no. 9656)

MARC details
000 -LEADER
fixed length control field 00518nam a2200205Ia 4500
003 - CONTROL NUMBER IDENTIFIER
control field 0100
005 - DATE AND TIME OF LATEST TRANSACTION
control field 20170530090836.0
008 - FIXED-LENGTH DATA ELEMENTS--GENERAL INFORMATION
fixed length control field 130303s9999 xx 000 0 und d
020 ## - INTERNATIONAL STANDARD BOOK NUMBER
International Standard Book Number 841901821
040 ## - CATALOGING SOURCE
Transcribing agency ARRUPELIB
050 ## - LIBRARY OF CONGRESS CALL NUMBER
Classification number DT443.H37 1976
300 ## - PHYSICAL DESCRIPTION
Other physical details 253p. 23cm
100 ## - MAIN ENTRY--PERSONAL NAME
Personal name Hartwig, Gerald W
9 (RLIN) 31631
245 #4 - TITLE STATEMENT
Title The art of survival in East Africa
245 ## - TITLE STATEMENT
Remainder of title the Kerebe and long-distance trade, 1800-1895
260 ## - PUBLICATION, DISTRIBUTION, ETC. (IMPRINT)
Name of publisher, distributor, etc Africana Pub. Co.
Place of publication, distribution, etc New York
Date of publication, distribution, etc 1976
300 ## - PHYSICAL DESCRIPTION
Extent xiii
650 ## - SUBJECT ADDED ENTRY--TOPICAL TERM
Topical term or geographic name as entry element Kerebe (Bantu people)
9 (RLIN) 31632
650 ## - SUBJECT ADDED ENTRY--TOPICAL TERM
Topical term or geographic name as entry element Tanzania
General subdivision Commerce
-- History
9 (RLIN) 31633
700 ## - ADDED ENTRY--PERSONAL NAME
Personal name Gerald W Hartwig
9 (RLIN) 31634
942 ## - ADDED ENTRY ELEMENTS (KOHA)
Source of classification or shelving scheme Library of Congress Classification
Koha item type Monograph ( Printed materials)
Holdings
Withdrawn status Lost status Source of classification or shelving scheme Damaged status Not for loan Collection code Home library Current library Date acquired Total Checkouts Full call number Barcode Date last seen Copy number Price effective from Koha item type
    Library of Congress Classification     Main Collection ARRUPE LIBRARY ARRUPE LIBRARY 04/03/2013   DT443.H37 1976 46600000060 07/12/2017 1 04/03/2013 Monograph ( Printed materials)

 

Arrupe Library. PO Box MP320 Mt Pleasant, Harare, Zimbabwe
263 242 745411|librarian@aju.ac.zw